000 00466nam a2200193Ia 4500
005 20240823014024.0
008 240823s9999||||xx |||||||||||||| ||und||
020 _a0-19-431610-6
041 _aENGLISH
082 _A403 P3
100 _aJonathan Crowther et al.
245 0 _aOxford Collection
250 _a1st
260 _c2002
_bOxford University
_aNew Delhi
500 _aTRANSFERED
650 _aDictionary
_bEnglish
942 _cBK
999 _c168902
_d168902